Формулярные списки учителей и служащих Варшавского учебного округа за 1847 год

Доступно только в Электронных читальных залах Найти на картеНа карте
RUSMARC
00003731nmc2a2200000 x 450
0011ba54eea-0553-473c-b494-8b056daa75bb
00520170426043116.0
100##$a20141014l18471847k l0rusy0189 ca
1010#$arus
102##$aRU
2001#$aФормулярные списки учителей и служащих Варшавского учебного округа за 1847 год
$j5-17 декабря 1847 г.
$hЧасть 1.
251##$cДело
300##$aДело
801#0$aRU
$bРГИА
$c20141014
$gRCR
801#1$aRU
$bГлавНИВЦ
$c20141014
$2rusmarc
801#2$aRU
$bПБ им. Б.Н. Ельцина
$c20170426
$gRCR
$2rusmarc
850##$aРГИА
852##$aРГИА
$eФедеральное казенное учреждение "Российский государственный исторический архив" (РГИА)
$j237
937##$hРГИА
$d11184513
$aASBIBLIO_SCAN
462#0$10015a39e5d3-dc69-4a86-ab96-9d2e08e41784
$12001
$aДела Департамента народного просвещения по Варшавскому учебному округу
$1251
$cОпись
$1852
$j77
461#0$1001a74412a3-3cc5-4d21-8f0a-dfe2fbd9e72d
$12001
$aДепартамент народного просвещения Министерства народного просвещения (1803-1917)
$1251
$cФонд
$1852
$j733
215##$a1042 л.
$d36,5х26 см
371##$aДокумент не является опубликованным и широко распространяемым
105##$ay###
1222#$ad
035##$a1ba54eea-0553-473c-b494-8b056daa75bb
856##$uhttp://readingroom.main.prlib.ru/item.aspx?id_node=n97684178&mode=full
Формат отображения